<?xml version="1.0" encoding="UTF-8"?>
<record
    xmlns:xsi="http://www.w3.org/2001/XMLSchema-instance"
    xsi:schemaLocation="http://www.loc.gov/MARC21/slim http://www.loc.gov/standards/marcxml/schema/MARC21slim.xsd"
    xmlns="http://www.loc.gov/MARC21/slim">

  <leader>01841nas a2200265Ia 4500</leader>
  <controlfield tag="001">R053-S9177</controlfield>
  <controlfield tag="003">IT-CnALBA</controlfield>
  <controlfield tag="008">170116c99999999xx ||||||||||||   ||und||</controlfield>
  <datafield tag="040" ind1=" " ind2=" ">
    <subfield code="a">IT-CnALBA</subfield>
    <subfield code="c">IT-CnALBA</subfield>
  </datafield>
  <datafield tag="041" ind1=" " ind2=" ">
    <subfield code="a">ITALIANO </subfield>
  </datafield>
  <datafield tag="100" ind1=" " ind2=" ">
    <subfield code="a">Betti Laura # Malavasi Luca # Autori vari</subfield>
  </datafield>
  <datafield tag="210" ind1=" " ind2=" ">
    <subfield code="a">CINEFORUM</subfield>
  </datafield>
  <datafield tag="222" ind1=" " ind2=" ">
    <subfield code="a">CINEFORUM</subfield>
  </datafield>
  <datafield tag="245" ind1=" " ind2="0">
    <subfield code="a">Cineforum 437. Agosto-Settembre 2004. rivista di cultura cinematografica.'</subfield>
  </datafield>
  <datafield tag="250" ind1=" " ind2=" ">
    <subfield code="a">1a ed.</subfield>
  </datafield>
  <datafield tag="260" ind1=" " ind2=" ">
    <subfield code="a">s.c.</subfield>
    <subfield code="b">Federazione italiana Cineforum'</subfield>
    <subfield code="c">2004 [1&#xB0; Ed.:2004 - Ed.Ling.Originale: 2004]</subfield>
  </datafield>
  <datafield tag="310" ind1=" " ind2=" ">
    <subfield code="a">MENSILE</subfield>
  </datafield>
  <datafield tag="362" ind1=" " ind2=" ">
    <subfield code="a">Fascicolo: 7 / Anno: 44 (2004)</subfield>
  </datafield>
  <datafield tag="500" ind1=" " ind2=" ">
    <subfield code="a">Speciale Carmelo Bene.Il ritorno di Aurora. Pasolini e gli altri. Monteiro, Coderd, Carrel, Oz, Lifshitz, Breillat, Brumi Tedesch, Usmov, Ceylan. classicit&#xE0; e Cinema, Bertani A. Vai e Vem di Jean-Luc Codard, Filmese, Bertolino, Figazzolo R. Mancino G. A. ... Cartoni Animati. La casa dei 1000 corpi. Timr Lime. Censi R. Anamorfosi, Don Giovanni. Spaziani P. Una macchina attoriale. Intervista a Laura Betti, Festival e Rassegne. Tivutargets. Le Lume del cinema. Libri a cura di E. Comuzio.'</subfield>
  </datafield>
  <datafield tag="501" ind1=" " ind2=" ">
    <subfield code="a">Societ&#xE0; San Paolo EM - Piazza San Paolo, 14 - 12051 ALBA (CN)  (non commercial uses only) &#xAE; Copyright 2017</subfield>
  </datafield>
  <datafield tag="520" ind1=" " ind2=" ">
    <subfield code="a">Speciale Carmelo Bene.Il ritorno di Aurora. Pasolini e gli altri. Monteiro, Coderd, Carrel, Oz, Lifshitz, Breillat, Brumi Tedesch, Usmov, Ceylan. classicit&#xE0; e Cinema, Bertani A. Vai e Vem di Jean-Luc Codard, Filmese, Bertolino, Figazzolo R. Mancino G. A. ... Cartoni Animati. La casa dei 1000 corpi. Timr Lime. Censi R. Anamorfosi, Don Giovanni. Spaziani P. Una macchina attoriale. Intervista a Laura Betti, Festival e Rassegne. Tivutargets. Le Lume del cinema. Libri a cura di E. Comuzio.'</subfield>
  </datafield>
  <datafield tag="650" ind1=" " ind2=" ">
    <subfield code="a">ARTI RICREATIVE E DELLO SPETTACOLO</subfield>
  </datafield>
  <datafield tag="942" ind1=" " ind2=" ">
    <subfield code="c">CR</subfield>
  </datafield>
  <datafield tag="957" ind1=" " ind2=" ">
    <subfield code="7">1</subfield>
  </datafield>
  <datafield tag="999" ind1=" " ind2=" ">
    <subfield code="a">79874</subfield>
    <subfield code="b">NO</subfield>
    <subfield code="g">1</subfield>
    <subfield code="c">336238</subfield>
    <subfield code="d">336238</subfield>
  </datafield>
  <datafield tag="952" ind1=" " ind2=" ">
    <subfield code="0">0</subfield>
    <subfield code="1">0</subfield>
    <subfield code="4">0</subfield>
    <subfield code="6">R_053S9177</subfield>
    <subfield code="7">1</subfield>
    <subfield code="a">ALBA</subfield>
    <subfield code="b">ALBA</subfield>
    <subfield code="d">2017-01-16</subfield>
    <subfield code="l">0</subfield>
    <subfield code="o">R053-S9177</subfield>
    <subfield code="r">2017-01-16 00:00:00</subfield>
    <subfield code="w">2017-01-16</subfield>
    <subfield code="y">CR</subfield>
    <subfield code="z">(data import: 16 gennaio 2017) - By Epidotti, Vaglietti. </subfield>
  </datafield>
</record>
